|
|
|
|
| LEADER |
00840nam a22002537a 4500 |
| 001 |
AAL4283 |
| 003 |
BD-DhAAL |
| 005 |
20160325203907.0 |
| 008 |
160325m20021953nyu||||| |||| 00| 0 eng d |
| 020 |
|
|
|a 0749307234
|
| 040 |
|
|
|a BD-DhAAL
|c BD-DhAAL
|
| 082 |
|
|
|a 152.4
|
| 100 |
|
|
|a Carnegie, Dale
|9 18794
|
| 245 |
|
|
|a How to stop worrying and start living /
|c Dale Carnegie and Dorothy Carnegie
|
| 260 |
|
|
|a London :
|b Vermilion
|c 2002
|
| 300 |
|
|
|a 303 p. ;
|c 18 cm
|
| 500 |
|
|
|a Includes index
|
| 541 |
|
|
|e 4283
|
| 650 |
|
|
|a Worry.
|9 18795
|
| 700 |
|
|
|a Carnegie, Dorothy
|9 18796
|
| 852 |
|
|
|a Savar Campus Library
|c General Shelf
|
| 942 |
|
|
|2 ddc
|c BK
|
| 999 |
|
|
|c 37224
|d 37224
|
| 952 |
|
|
|0 0
|1 0
|2 ddc
|4 0
|6 152_400000000000000_CAR
|7 0
|9 58516
|a SCL
|b SCL
|c GEN
|d 2016-03-25
|e Gift:
|l 3
|m 12
|o 152.4 CAR
|p 3020004283
|r 2023-03-07
|s 2018-05-15
|t 1
|w 2016-03-25
|y BK
|